| 000 | 01495nkm a2200337 i 4500 | ||
|---|---|---|---|
| 001 | 4276 | ||
| 003 | ES-MaACL | ||
| 005 | 20250713063001.0 | ||
| 007 | khrbo | ||
| 008 | 070705s1988 sp --- g |001||spa d | ||
| 100 | 0 |
_aAlfonso, _d1902-1990 _919858 |
|
| 245 | 1 | 0 |
_aHospitales y sociedad [ _hFotografía] / _cAlfonso (sello). |
| 260 |
_a[S.l. : _bs.n.], _c1988. |
||
| 300 |
_a2 fot. : _bb. y n. ; _c12 x 18 cm. |
||
| 490 | 1 | _aJornadas sobre la sanidad a debate | |
| 500 | _aDatos basados en invitación. | ||
| 511 | 0 | _aIntervienen: Felipe Ruiz Duerto, Luis Munuera Martínez, José María Granados, Juan Luis Ruiz Jiménez, Adolfo Gómez Embuena, José María Lecumberri Erranz; coordinadora: Dominica Pérez de Castro. | |
| 518 | _aActo organizado por el Ateneo de Madrid, celebrado en el salón de actos el martes, 12 de abril de 1988, a las 20:00 h. | ||
| 600 | 1 | 4 |
_aRuiz Duerto, Felipe. _9100788 |
| 600 | 1 | 4 |
_aMunuera Martínez, Luis. _984252 |
| 600 | 1 | 4 |
_aGranados, José María. _959561 |
| 600 | 1 | 4 |
_aGómez Embuena, Adolfo. _957942 |
| 600 | 1 | 4 |
_aLecumberri Erranz, José María. _971120 |
| 600 | 0 | 4 |
_aPérez de Castro, Dominica _990770 |
| 610 | 2 | 4 |
_aAteneo de Madrid- _xActos culturales- _y1988- _vFotografías. _91903 |
| 710 | 2 |
_aAteneo de Madrid. _91875 |
|
| 830 | 0 |
_aJornadas sobre la sanidad a debate _9177026 |
|
| 852 |
_aES-MaACL _jFOT 90/1988 |
||
| 856 | 4 |
_uhttp://www.ateneodemadrid.net/biblioteca_digital/imagenes/1988/0090-1988.jpg _zVer imagen |
|
| 999 |
_c4276 _d4276 |
||